000 01054nam a22002295i 4500
001 172771
003 ES-MaACL
005 20250831061530.0
008 090908s1932 sp |||| | spa d
245 0 0 _aConvenio relativo al trabajo forzoso aprobado por la Conferencia Internacional del Trabajo en su XIV sesión, celebrada en Ginebra del 10 al 28 de junio de 1930 y ratificado por España el 29 de agosto de 1932.
260 _aMadrid :
_b[s.n.],
_c1932 (
_fImp. del Ministerio de Estado)
300 _a44 p.. ;
_c24 cm.
490 1 _aPublicaciones del Ministerio de Estado. Serie A: Acuerdos y convenios internacionales ;
_v12
546 _aTexto en español, francés e inglés.
594 _aDatos tomados de cub.
650 7 _aTrabajo forzado
_2embne
_9171575
710 1 _aEspaña.
_bMinisterio de Estado.
_93866
711 2 _aConferencia Internacional del Trabajo (
_n14ª.
_d1930.
_cGinebra)
_9171576
830 1 0 _aPublicaciones del Ministerio de Estado
_v12
_9189119
852 _aES-MaACL
_j2299-F-28
999 _c172771
_d172771